Daňová politika v Evropské unii

Saved in:
Bibliographic Details
Main Author: Nerudová, Danuše
Format: Book
Language:Czech
Published: Praha Wolters Kluwer 2017
Edition:1. vydání
Series:Daně
Subjects:
Tags: Add Tag
No Tags, Be the first to tag this record!

MARC

LEADER 00000nam a2200000 4500
001 0240927
005 20221019092455.3
020 |a 978-80-7552-682-3 
041 0 |a cze 
044 |a CZ 
245 1 0 |a Daňová politika v Evropské unii  |c Danuše Nerudová 
250 |a 1. vydání 
264 1 |a Praha  |b Wolters Kluwer  |c 2017 
300 |a 213 s. 
490 1 |a Daně 
830 0 |a Daně 
610 2 0 |a dane 
610 2 0 |a politika daňová 
610 2 0 |a integrácia ekonomická medzinárodná 
610 2 0 |a zmluvy medzinárodné 
610 2 0 |a plánovanie 
610 2 0 |a smernice 
610 2 0 |a dane nepriame 
610 2 0 |a dane priame 
610 2 0 |a legislatíva 
610 2 0 |a zdanenie dvojité 
610 2 0 |a modely 
610 2 0 |a Európska únia 
100 1 |a Nerudová, Danuše